000 00516nam a2200181Ia 4500
008 090123s9999 xx 000 0 und d
082 _b21674
100 _aकर्दळे आशा
245 _aकृष्णपक्ष
250 _a1
260 _bसाकेत प्रकाशन
_c1991
300 _a187
600 _aकर्दळे आशा
630 _aकृष्णपक्ष
700 _aकर्दळे आशा
730 _aकृष्णपक्ष
942 _cBOOK
999 _c59746
_d59746